| 000 | 00868nam a2200289Ia 4500 | ||
|---|---|---|---|
| 003 | OSt | ||
| 005 | 20221006142527.0 | ||
| 006 | a|||||r|||| 00| 0 | ||
| 007 | ta | ||
| 008 | 221006b |||||||| |||| 00| 0 eng d | ||
| 020 | _cP1.12 | ||
| 024 | _a6,531 | ||
| 037 | _cTextual | ||
| 040 |
_aEASL _cEASL _beng |
||
| 041 |
_2eng _aeng |
||
| 082 | _aY:1v41.C8971, G8 | ||
| 100 | _aCREEL Herrlee Glessner | ||
| 245 | 0 | _aStudies in early Chinese culture | |
| 260 |
_aUSA _bAmerica Council of Learned Societies _c1938 |
||
| 300 |
_a266p. _ccm. |
||
| 490 |
_vFirst series CEL _aAmerican Council of Learned societies : Studies in Chinese and related civilizations, 3 |
||
| 650 | _a CEL | ||
| 650 |
_a Shang Period - Books _9647882 |
||
| 650 | _aCEL | ||
| 942 |
_hY:1v41.C8971, G8 _cTEXL _2CC |
||
| 999 |
_c1074617 _d1074617 |
||